NACHYO BAHUT GOPAL (Record no. 20303)

MARC details
000 -LEADER
fixed length control field 00240nam a22001217a 4500
003 - CONTROL NUMBER IDENTIFIER
control field SGT
082 ## - DEWEY DECIMAL CLASSIFICATION NUMBER
Item number NAG
100 ## - MAIN ENTRY--PERSONAL NAME
Personal name NAGAR, AMRITLAL
245 ## - TITLE STATEMENT
Title NACHYO BAHUT GOPAL
260 ## - PUBLICATION, DISTRIBUTION, ETC. (IMPRINT)
Place of publication, distribution, etc DELHI
Name of publisher, distributor, etc RAJPAL
Year of Publication 2007
300 ## - PAGE DESCRIPTION
No. of Pages 1138
942 ## - ADDED ENTRY ELEMENTS (KOHA)
Source of classification or shelving scheme Dewey Decimal Classification
Koha item type Books
Holdings
Withdrawn status Lost status Source of classification or shelving scheme Damaged status Not for loan Collection code Home library Current library Date acquired SGTU Total Checkouts Full call number Accession No. (Barcode) Date last seen Bill Date Koha item type
    Dewey Decimal Classification     MASS COMMUNICATION SGT Science & Social Sciences Library SGT Science & Social Sciences Library 14/07/2020 SGTU   NAG MC712 14/07/2020 14/07/2020 Books